[Event "BdF-Diamant 10 email"]
[Site "GER email"]
[Date "2019.06.19"]
[Round "?"]
[White "Morrell, Tom"]
[Black "Pospelov, Sergey Lvovich"]
[Result "1-0"]
[WhiteElo "2340"]
[BlackElo "2303"]
[PlyCount "83"]
[EventDate "2019.??.??"]
[EventType "tourn (corr)"]
[EventRounds "10"]
[EventCountry "GER"]
[SourceTitle "Corr 2022"]
[Source "ChessBase"]
[SourceDate "2021.10.24"]
[SourceVersion "1"]
[SourceVersionDate "2021.10.24"]
[SourceQuality "1"]

1. e4 c5 2. Nf3 Nc6 3. Bb5 g6 4. 0-0 Bg7 5. c3 Nf6 6. Re1 0-0 7. d4 d5 8. e5 Ne4 9. Be3 cxd4 10. cxd4 Qb6 11. Qe2 Bd7 12. a4 a6 13. Bd3 f5 14. Nc3 e6 15. g3 Rac8 16. Reb1 h6 17. h4 Nb4 18. Kg2 Rf7 19. Qd1 Qd8 20. Be2 Qe7 21. Qb3 Nc6 22. Rc1 Rcf8 23. Rh1 Na5 24. Qb6 Qd8 25. Qxd8 Rxd8 26. Bd1 Nxc3 27. bxc3 Nc4 28. Bc1 b5 29. axb5 Bxb5 30. Ng1 a5 31. Nh3 Re7 32. h5 g5 33. Nxg5 hxg5 34. Bxg5 Ree8 35. Bxd8 Rxd8 36. g4 Bh6 37. Rb1 Bd7 38. gxf5 exf5 39. Rg1 Kh8 40. Kh3 Nd2 41. Rb7 Ne4 42. Rg6 1-0

[Event "BdF-Diamant 10 email"]
[Site "GER email"]
[Date "2019.06.19"]
[Round "?"]
[White "Naeter, Burkhard"]
[Black "Pospelov, Sergey Lvovich"]
[Result "1/2-1/2"]
[WhiteElo "2307"]
[BlackElo "2303"]
[PlyCount "60"]
[EventDate "2019.??.??"]
[EventType "tourn (corr)"]
[EventRounds "10"]
[EventCountry "GER"]
[SourceTitle "Corr 2022"]
[Source "ChessBase"]
[SourceDate "2021.10.24"]
[SourceVersion "1"]
[SourceVersionDate "2021.10.24"]
[SourceQuality "1"]

1. e4 c5 2. d3 Nc6 3. g3 g6 4. Bg2 Bg7 5. f4 d6 6. Nf3 Nf6 7. 0-0 0-0 8. c3 Rb8 9. a4 a6 10. Na3 b5 11. axb5 axb5 12. Nc2 b4 13. Qe2 e6 14. Bd2 Na5 15. Be1 bxc3 16. Bxc3 Nc6 17. Ne3 Bb7 18. Rfe1 Re8 19. Nc4 d5 20. Na5 Qb6 21. Nxc6 Qxc6 22. e5 Nd7 23. d4 Ra8 24. h4 Bf8 25. h5 Rxa1 26. Rxa1 Ra8 27. Rxa8 Bxa8 28. hxg6 hxg6 29. Bf1 Bb7 30. Qb5 c4 1/2-1/2

[Event "BdF-Diamant 10 email"]
[Site "GER email"]
[Date "2019.06.19"]
[Round "?"]
[White "Pospelov, Sergey Lvovich"]
[Black "Byrne, Michael TA"]
[Result "1/2-1/2"]
[WhiteElo "2303"]
[BlackElo "2333"]
[PlyCount "44"]
[EventDate "2019.??.??"]
[EventType "tourn (corr)"]
[EventRounds "10"]
[EventCountry "GER"]
[SourceTitle "Corr 2022"]
[Source "ChessBase"]
[SourceDate "2021.10.24"]
[SourceVersion "1"]
[SourceVersionDate "2021.10.24"]
[SourceQuality "1"]

1. e4 e5 2. Nf3 Nc6 3. d4 exd4 4. Nxd4 Nf6 5. Nc3 Bb4 6. Nxc6 bxc6 7. Bd3 d5 8. exd5 cxd5 9. 0-0 0-0 10. Bg5 c6 11. Qf3 Bd6 12. Rae1 Be6 13. Ne2 c5 14. b3 h6 15. Bh4 g5 16. Bg3 Bg4 17. Qe3 Re8 18. Qc1 Rc8 19. Bxd6 c4 20. bxc4 dxc4 21. Bf5 Bxf5 22. Ng3 Bxc2 1/2-1/2

[Event "BdF-Diamant 10 email"]
[Site "GER email"]
[Date "2019.06.19"]
[Round "?"]
[White "Pospelov, Sergey Lvovich"]
[Black "Hohlbein, Michael"]
[Result "1/2-1/2"]
[WhiteElo "2303"]
[BlackElo "2303"]
[PlyCount "56"]
[EventDate "2019.??.??"]
[EventType "tourn (corr)"]
[EventRounds "10"]
[EventCountry "GER"]
[SourceTitle "Corr 2022"]
[Source "ChessBase"]
[SourceDate "2021.10.24"]
[SourceVersion "1"]
[SourceVersionDate "2021.10.24"]
[SourceQuality "1"]

1. e4 c5 2. Nf3 d6 3. d4 cxd4 4. Nxd4 Nf6 5. Nc3 g6 6. Be3 Bg7 7. f3 Nc6 8. Qd2 0-0 9. 0-0-0 d5 10. exd5 Nxd5 11. Nxc6 bxc6 12. Bd4 Bxd4 13. Qxd4 Qb6 14. Na4 Qc7 15. Bc4 Rd8 16. Nc5 Bf5 17. Bb3 Nf4 18. Qf2 Rxd1+ 19. Rxd1 Rd8 20. Re1 h5 21. g3 Nd5 22. a3 e6 23. Qd4 Nb6 24. Qh4 Kg7 25. Qg5 Nd5 26. Qd2 e5 27. Qf2 Re8 28. Bc4 Qb6 1/2-1/2

[Event "BdF-Diamant 10 email"]
[Site "GER email"]
[Date "2019.06.19"]
[Round "?"]
[White "Pospelov, Sergey Lvovich"]
[Black "Sherwood, Helen"]
[Result "1/2-1/2"]
[WhiteElo "2303"]
[BlackElo "2341"]
[PlyCount "104"]
[EventDate "2019.??.??"]
[EventType "tourn (corr)"]
[EventRounds "10"]
[EventCountry "GER"]
[SourceTitle "Corr 2022"]
[Source "ChessBase"]
[SourceDate "2021.10.24"]
[SourceVersion "1"]
[SourceVersionDate "2021.10.24"]
[SourceQuality "1"]

1. e4 c5 2. Nf3 Nc6 3. d4 cxd4 4. Nxd4 Nf6 5. Nc3 e5 6. Ndb5 d6 7. Bg5 a6 8. Na3 b5 9. Nd5 Be7 10. Bxf6 Bxf6 11. c3 0-0 12. Nc2 Bg5 13. a4 bxa4 14. Rxa4 a5 15. Bc4 Bd7 16. Nce3 Ne7 17. Ra2 Nxd5 18. Nxd5 a4 19. 0-0 Kh8 20. Bd3 Qb8 21. Qe2 Qb7 22. Rfa1 f5 23. Nb4 g6 24. Bc2 Bb5 25. Qe1 Bd8 26. b3 Qf7 27. bxa4 Bc4 28. Rb2 fxe4 29. Bxe4 d5 30. Bf3 Bf6 31. Be2 Bxe2 32. Rxe2 d4 33. Re4 Qb3 34. cxd4 exd4 35. g3 g5 36. Rc1 Qf3 37. Nd5 Bg7 38. Nb6 Rad8 39. Nc4 Rc8 40. Ne5 Qxf2+ 41. Qxf2 Rxc1+ 42. Re1 Rxf2 43. Rxc1 Rf8 44. Nd3 Ra8 45. a5 Bf8 46. Rf1 Kg7 47. Rf5 Be7 48. Rd5 Kf6 49. Kf2 Ke6 50. Re5+ Kf6 51. Rd5 Bd8 52. a6 Ke6 1/2-1/2

[Event "Kimry op 08"]
[Site "Kimry"]
[Date "2012.08.28"]
[Round "1"]
[White "Voropaev, Pavel"]
[Black "Pospelov, Sergey Lvovich"]
[Result "0-1"]
[WhiteElo "1316"]
[BlackElo "2037"]
[PlyCount "66"]
[EventDate "2012.08.28"]
[EventType "swiss"]
[EventRounds "7"]
[EventCountry "RUS"]
[SourceTitle "CBM 150 Extra"]
[Source "ChessBase"]
[SourceDate "2012.10.19"]
[SourceVersion "1"]
[SourceVersionDate "2012.10.19"]
[SourceQuality "1"]

1. e4 c5 2. Nf3 Nc6 3. d4 cxd4 4. c3 g6 5. Nbd2 dxc3 6. bxc3 Bg7 7. Bb2 Nf6 8. Be2 0-0 9. Rb1 d5 10. e5 Ng4 11. 0-0 Ngxe5 12. Nxe5 Bxe5 13. c4 Bf5 14. Bxe5 Bxb1 15. Qxb1 Nxe5 16. Qxb7 dxc4 17. Nxc4 Nxc4 18. Bxc4 Qd4 19. Qd5 Qxd5 20. Bxd5 Rad8 21. Bc4 Rd4 22. Bb3 Rfd8 23. h3 a5 24. Re1 a4 25. Bc2 Rc8 26. Be4 Rd2 27. Bb1 Rcd8 28. Be4 Rd1 29. Rxd1 Rxd1+ 30. Kh2 Rd2 31. Bb1 Rxf2 32. Kg3 Rb2 33. Bd3 Rxa2 0-1